000 00736nam a2200289Ia 4500
005 20260324120232.0
008 008 260324s9999 xx 000 0 eng d
020 _a9780429256738
037 _aEBOOK
040 _aCRL
040 _beng
040 _cCRL
041 _2eng
041 _aeng
084 _qCRL
100 _aJames V. Reyes-Picknell; John D. Campbell; Hyung Sik Kim
_91157765
245 0 _aUptime
245 0 _bStrategies for Excellence in Maintenance Management, Third Edition
260 _bTaylor and Francis
260 _c2015
365 _a
365 _b82.99
856 _uhttp://www.taylorfrancis.com/books/9780429256738
942 _cEBOOK
999 _c1749195
_d1749195